«Тоттенхэм Хотспур» - Армагеддон - Statistics

General Stats
  • This quiz has been taken 8 times
  • The average score is 9 of 50
Answers on the Grid
Answers color-coded by a green-red scale on the quiz's grid according to % correct below.
Энди Коул
Сон Хын Мин
Джастин Клюйверт
Ромелу Лукаку
Алан Ширер
Робби Кин
Тревор Синклер
Фил Ягелка
Гарет Бэйл
Шей Гивен
Росс Баркли
Джеймс Милнер
Эрик Ламела
Стилиян Петров
Энди Кэрролл
Паскаль Шимбонда
Гордон Стракан
Джон Хартсон
Сол Кэмпбелл
Брайан Клаф
Нелсон Семеду
Якубу Айегбени
Джон Макгинн
Давид Жинола
Роман Павлюченко
Иан Раш
Кайл Уокер
Дэнни Ингз
Гленн Ходдл
Кейси Келлер
Томаш Соучек
Лукаш Фабьяньский
Майкл Каррик
Деклан Райс
Фредерик Кануте
Уго Льорис
Паоло Ди Канио
Даррен Андертон
Карлтон Коул
Рафаэл ван дер Варт
Джермейн Дженас
Вильям Галлас
Стивен Пинар
Гари Линекер
Джон Стоунз
Курт Зума
Ян Вертонген
Кристиан Ромеро
Джеймс Макфадден
Пол Гаскойн
Микель Артета
Лэдли Кинг
Джолеон Лескотт
Даррен Бент
Кристиан Циге
Уэйн Руни
Дэнни Роуз
Эурелио Гомес
Гэри Спид
Юрген Клинсман
Гарет Барри
Деле Алли
Танги Ндомбеле
Родриго Бентанкур
Пат Дженнингс
Алекс Ивоби
Джордан Пикфорд
Айтор Каранка
Лейтон Бейнс
Лес Фердинанд
Тоби Алдервейрелд
Тим Ховард
Шеймус Коулман
Лука Модрич
Бернд Лено
Ришарлисон
Густаво Пойет
Джимми Гривз
Эрик Кантона
Кристиан Эриксен
Стивен Нзонзи
Дэмьен Дафф
Роке Санта Крус
Лукас Моура
Крейг Беллами
Аарон Леннон
Димитр Бербатов
Нико Кранчар
Итан Ампаду
Эммануэль Адебайор
Грант Хэнли
Джермейн Дефо
Эрик Дайер
Одсонн Эдуар
Паулиньо
Гильфи Сигурдссон
Юри Тилеманс
Эберечи Эзе
Тедди Шерингем
 
Answer Stats
Answer % Correct
Уго Льорис
75%
Кристиан Эриксен
75%
Гарет Бэйл
50%
Роман Павлюченко
50%
Ян Вертонген
50%
Кристиан Ромеро
50%
Юрген Клинсман
50%
Джермейн Дефо
50%
Гильфи Сигурдссон
50%
Робби Кин
25%
Эрик Ламела
25%
Кайл Уокер
25%
Гари Линекер
25%
Пол Гаскойн
25%
Лэдли Кинг
25%
Дэнни Роуз
25%
Деле Алли
25%
Танги Ндомбеле
25%
Родриго Бентанкур
25%
Тоби Алдервейрелд
25%
Лука Модрич
25%
Ришарлисон
25%
Димитр Бербатов
25%
Эммануэль Адебайор
25%
Эрик Дайер
25%
Сон Хын Мин
0%
Паскаль Шимбонда
0%
Сол Кэмпбелл
0%
Давид Жинола
0%
Гленн Ходдл
0%
Кейси Келлер
0%
Майкл Каррик
0%
Фредерик Кануте
0%
Даррен Андертон
0%
Рафаэл ван дер Варт
0%
Джермейн Дженас
0%
Вильям Галлас
0%
Даррен Бент
0%
Кристиан Циге
0%
Эурелио Гомес
0%
Пат Дженнингс
0%
Лес Фердинанд
0%
Густаво Пойет
0%
Джимми Гривз
0%
Эрик Кантона
0%
Лукас Моура
0%
Аарон Леннон
0%
Нико Кранчар
0%
Паулиньо
0%
Тедди Шерингем
0%
No matching quizzes found
Score Distribution
Percent of People with Each Score
Percentile by Number Answered
Your Score History
You have not taken this quiz